| 000 | 01312nam2a22002531 4500 | ||
|---|---|---|---|
| 001 | RU\NLR\INFOCOMM5\1000326290 | ||
| 005 | 20250617153743.0 | ||
| 035 | _a(NLR Aleph) 002750838 | ||
| 090 |
_a2140411 _c2140411 |
||
| 100 | _a20040318d1966 |||y0rusy50 ca | ||
| 101 | 0 | _arus | |
| 102 | _aRU | ||
| 105 | _ay ||||||||| | ||
| 200 | 1 |
_aПроисхождение миаскитов и связь с ними редкометального оруденения _fБ.М. Роненсон |
|
| 210 |
_d1966 _aБ. м. |
||
| 461 | 0 |
_1001RU\NLR\INFOCOMM5\1000326264 _12001#$aГеология месторождений редких элементов$fМ-во геологии и охраны недр СССР. Всесоюз. науч.-исслед. ин-т минерального сырья (ВИМС)$vВып.28 _92140178 _cМ. _d1958- _fМ-во геологии и охраны недр СССР. Всесоюз. науч.-исслед. ин-т минерального сырья (ВИМС) _nГосгеолтехиздат _tГеология месторождений редких элементов _vВып.28 |
|
| 700 | 1 |
_aРоненсон _bБ.М. _4070 |
|
| 801 | 1 |
_aRU _bInfoComm _c20040318 |
|
| 801 | 0 |
_aRU _bNLR _gPSBO |
|
| 852 |
_aNLR _jП7/890 |
||
| 942 | _cISSUE | ||
| 980 | _aNB | ||
| 980 | _aRUSPER | ||